000 00409pab a2200145 454500
008 180718b1985 xxu||||| |||| 00| 0 eng d
100 _aKemp, Roger L.
245 _aThe council manager form of government in the United States
260 _c1985
300 _a10-17
362 _aSept.-Oct.
650 _aMunicipal Government - Manager Plans - U.S.A.
773 _aLocal Government Studies
909 _a13942
999 _c13942
_d13942